| 000 | 00866nam a22002895i 4500 | ||
|---|---|---|---|
| 999 |
_c19329 _d19329 |
||
| 001 | 22763570 | ||
| 005 | 20240223141907.0 | ||
| 008 | 220824s2022 inu 000 0 eng | ||
| 010 | _a 2022945239 | ||
| 020 | _a9781119902560 | ||
| 020 | _z9781119902577 | ||
| 020 | _z9781119902584 | ||
| 040 |
_aDLC _beng _erda _cDLC |
||
| 042 | _apcc | ||
| 082 |
_22023 _aDC 519.5 _bR869 |
||
| 100 | 1 |
_aRumsey, Deborah J, _eauthor. _953207 |
|
| 245 | 1 | 0 |
_aStatistics All-in-One For Dummies (+ Chapter Quizzes Online) / _cDeborah J Rumsey. |
| 260 |
_aHoboken, NJ: _bJohn Wiley & Sons, _c©2023. |
||
| 263 | _a2209 | ||
| 300 |
_axvii, 531 pages : _billustrations ; _c11 cm. |
||
| 500 | _aIncludes index. | ||
| 650 |
_aStatistics _953208 |
||
| 365 |
_b3,735.00 _cPhp |
||
| 906 |
_a0 _bibc _corignew _d2 _eepcn _f20 _gy-gencatlg |
||
| 942 |
_2ddc _cDC |
||